[Event "WchT 8th"]
[Site "Ningbo"]
[Date "2011.07.17"]
[Round "1.4"]
[White "Nabaty, Tamir"]
[Black "Sargissian, Gabriel"]
[Result "0-1"]
[WhiteElo "2584"]
[BlackElo "2663"]
[Annotator "Kritz,L"]
[PlyCount "134"]
[EventDate "2011.07.17"]
[EventType "team-tourn"]
[EventRounds "9"]
[EventCountry "CHN"]
[SourceTitle "CBM 144"]
[Source "ChessBase"]
[SourceDate "2011.09.16"]
[SourceVersion "1"]
[SourceVersionDate "2011.09.16"]
[SourceQuality "1"]
[WhiteTeam "Israel"]
[BlackTeam "Armenia"]
[WhiteTeamCountry "ISR"]
[BlackTeamCountry "ARM"]

1. e4 e5 2. Nf3 Nc6 3. Bb5 Nf6 4. O-O (4. d3 Bc5 5. c3 d6 6. Nbd2 Bb6 7. O-O
O-O $132) 4... Nxe4 5. d4 (5. Re1 Nd6 6. Nxe5 Nxe5 7. Rxe5+ Be7 8. Bf1 O-O 9.
d4 Bf6 10. Re1 Nf5 11. c3 d5 $11) 5... Nd6 6. Bg5 $6 {Eine seltene und auch
keine gute Variante. Schwarz muss nur wissen, dass er 6....Be7 und nicht 6....
f6 spielen sollte. Hauptvariante ist 6.Bxc6.} (6. Bxc6 dxc6 7. dxe5 Nf5 8.
Qxd8+ Kxd8 $132) 6... Be7 $1 {Das gleicht leicht aus.} (6... f6 7. dxe5 Nxb5 8.
exf6 gxf6 9. Re1+ Kf7 10. Qd5+ $44 {Weiß steht nicht besser, aber seine
Initiative ist ziemlich unangenehm.}) 7. Bxe7 Qxe7 8. Bxc6 dxc6 9. dxe5 Nf5 {
Die Stellung sieht fast wie die typische Berliner Mauer aus, nur mit dem
Unterschied, dass die Damen auf dem Brett sind und dass Schwarz rochieren kann.
} 10. Nc3 O-O 11. Qd3 $6 {Ungenau. Später spielt Schwarz Rd8 und greift die
Dame an, es wäre daher besser gewesen, nach e2 zu gehen.} (11. Qe2 Be6 12. Rad1
Rad8 13. h3 h6 $11) 11... Be6 12. Rad1 Rad8 13. Qe4 $6 {Die Dame steht auf e4
schlecht - dieses Feld muss für den Springer reserviert bleiben.} (13. Qe2 h6
$11) 13... h6 14. Ne2 {Weiß will Nf4 spielen. Doch mit genauen Zügen
verhindert Schwarz diesen Springermanöver.} Rxd1 15. Rxd1 Rd8 $1 {Obwohl Weiß
die etwas bessere Bauernstruktur hat, kann Schwarz alle Türme tauschen.} 16.
Rxd8+ Qxd8 {Es droht ...Qd1+ - also keine Zeit für Nf4.} 17. Nc3 Qd7 $1 {
Schwarz verteidigt den Springer f5 und ist zu ...Bd5 bereit.} 18. h3 b6 19. Kh2
a5 $1 {Weiß hat keinen Plan, also rollt Schwarz die Bauern am Damenflügel auf.}
20. b3 {Man sollte sicherlich nicht die Bauern auf weiße Felder stellen.
Stärker ist 20.a3, um den weißfeldrigen Läufer von Schwarz wirkungslos zu
machen.} (20. a3 $5 Bd5 21. Qd3 Qe6 22. Ne4 $11) 20... Bd5 21. Qd3 Qe6 22. Ne4
{Weiß versucht, auf Vorteil zu spielen, doch es war Zeit einzusehen, dass die
Stellung ausgeglichen ist und einfach in das remisliche Endspiel mittels des
Nehmens auf d5 einzugehen.} (22. Nxd5 cxd5 23. g4 Ne7 24. c3 Ng6 25. Qe3 $11)
22... Ne7 23. c4 Qf5 $1 (23... Bxe4 24. Qxe4 f5 25. Qe3 c5 26. h4 $14) 24. cxd5
cxd5 25. Qb5 $6 {Stärker war 25.Nfd2.} (25. Nc5 bxc5 $19) (25. Nfd2 Kh7 $3 (
25... dxe4 26. Qd8+ (26. Nxe4 Qxe5+ $17) (26. Qxe4 Qxf2 $17) 26... Kh7 27. Qxe7
Qf4+ 28. Kg1 Qxd2 29. Qxf7 $16) 26. f4 dxe4 27. Qxe4 Qxe4 28. Nxe4 Nd5 29. Kg3
Kg6 $11) 25... dxe4 {Nun steht Schwarz etwas besser.} 26. Qe8+ Kh7 27. Qxe7
Qf4+ $1 {Richtiges Zwischenschach.} (27... exf3 28. Qxc7 Qf4+ 29. Kh1 $11) 28.
Kg1 $2 {Wahrscheinlich der Verlustzug.} (28. Kh1 $1 exf3 29. Qxc7 fxg2+ 30.
Kxg2 $11 {Das Endspiel ist etwas angenehmer für Schwarz, muss jedoch haltbar
sein.}) 28... exf3 29. Qxc7 Qg5 $1 {Das ist der Unterschied zwischen 28. Kg1
und Kh1.} 30. g4 (30. g3 Qd2 31. Qc4 Qe1+ 32. Qf1 Qe2 $19) 30... Qd2 31. Qxb6 (
31. Qc4 Qe1+ 32. Qf1 Qxf1+ $1 33. Kxf1 Kg6 34. Ke1 Kg5 35. Kd2 Kh4 36. Ke3 Kxh3
37. Kxf3 g5 $19) 31... Qe1+ 32. Kh2 Qxe5+ 33. Kg1 Qe1+ 34. Kh2 Qf1 {Schwarz
gewinnt forciert einen Bauern und damit eigentlich schon die Partie.} 35. Kg3
g5 $1 {Erzwingt Kxf3.} 36. Kxf3 Qxh3+ 37. Ke2 Qxg4+ 38. Kf1 Qd1+ 39. Kg2 Qd5+
40. Kg1 Qe5 $19 {Der Rest ist Sache der Technik. Schwarz rollt seine Bauern am
Königsfluegel auf und nähert sich mit dem König dem Zentrum. Die weißen
Figuren sind überlastet und können die Stellung nicht halten.} 41. a4 (41. a3
$2 Qa1+ 42. Kg2 Qxa3 $19) 41... h5 42. Qb5 (42. b4 Qe1+ 43. Kg2 Qxb4 44. Qxb4
axb4 45. a5 b3 46. a6 b2 47. a7 b1=Q $19) 42... f6 43. Kf1 Qc3 44. Qe8 h4 45.
Qf7+ Kh6 46. Qf8+ Kg6 47. Qg8+ Kf5 48. Qd5+ Kf4 49. Kg2 g4 50. Qd6+ Qe5 51.
Qd2+ Kf5 52. Qd7+ Kg5 53. Qg7+ Kf4 54. Qh6+ Qg5 55. Qh7 Qd5+ 56. Kg1 Qd1+ 57.
Kg2 h3+ 58. Kh2 Qd6 59. Kg1 Qd1+ 60. Kh2 Qd6 61. Kg1 Qe5 62. Qh6+ Ke4 63. Qd2
Qd5 64. Qc2+ Ke5 65. Qc7+ Kd4 66. Kf1 Qh1+ 67. Ke2 Qf3+ 0-1

[Event "Jermuk FIDE GP"]
[Site "Jermuk"]
[Date "2009.08.17"]
[Round "8"]
[White "Leko, Peter"]
[Black "Jakovenko, Dmitrij"]
[Result "1/2-1/2"]
[WhiteElo "2756"]
[BlackElo "2760"]
[Annotator "Kritz,L"]
[PlyCount "242"]
[EventDate "2009.08.09"]
[EventType "tourn"]
[EventRounds "13"]
[EventCountry "ARM"]
[EventCategory "19"]
[SourceTitle "CBM 132"]
[Source "ChessBase"]
[SourceDate "2009.09.16"]
[SourceVersion "1"]
[SourceVersionDate "2009.09.16"]
[SourceQuality "1"]

1. e4 e5 2. Nf3 Nc6 3. Bb5 Nf6 {Die Berliner Mauer wurde sehr populär nach dem
Londoner Match Kasparov - Kramnik, London 2000. Bis heute tut sich Weiß sehr
schwer, die schwarze Verteidigung zu durchbrechen.} 4. O-O (4. d3 {ist eine
alternative Fortsetzung. Man bekommt spielbare Stellungen, doch keinen
Eröffnungsvorteil.} Bc5 (4... d6 $5 5. O-O Be7 6. c3 O-O 7. Re1 a6 8. Ba4 b5 9.
Bc2 Re8 $132 {Es entsteht ein typischer Spanier mit d3.}) 5. Bxc6 (5. O-O d6 6.
c3 O-O 7. Nbd2 a6 8. Ba4 Ba7 $132 {Wiederum hat Schwarz wenig zu befürchten.})
5... dxc6 6. Be3 Qe7 (6... Bxe3 $2 {verbessert die weiße Bauernstruktur und
öffnet die f-Linie.} 7. fxe3 Qe7 8. O-O Ng4 9. Qd2 f6 10. Nh4 g6 11. Nc3 Bd7
12. Rf3 f5 13. g3 Nf6 14. exf5 g5 15. Ng2 e4 16. Nxe4 Nxe4 17. dxe4 O-O-O 18.
Qa5 $16 {Sutovsky - Carlsen (Crete, 2007)}) 7. Bxc5 Qxc5 8. Nc3 Bg4 9. h3 Bxf3
10. Qxf3 O-O {Schwarz hat keine Schwierigkeiten.} 11. O-O-O a5 12. Qf5 Rfd8 13.
Rhf1 a4 14. a3 b5 $132 {Sutovsky - Aronian (Caleta, 2005)}) 4... Nxe4 5. d4 (5.
Re1 {Das ist eine bekannte Remisvariante:} Nd6 6. Nxe5 Nxe5 7. Rxe5+ Be7 8. Bf1
(8. Bd3 O-O 9. Nc3 c6 10. b3 Ne8 11. Bb2 d5 12. Qh5 Nf6 13. Qh4 Be6 $11) 8...
O-O 9. d4 Bf6 10. Re1 Nf5 11. c3 d5 $11 {Bei symmetrischen Bauernstruktur das
Maximum, was beide Seiten erreichen können ist der kollektive Abtausch aller
Figuren.}) 5... Nd6 6. Bxc6 dxc6 7. dxe5 Nf5 8. Qxd8+ Kxd8 9. Nc3 h6 {Die
beste Alternative zu der Partiefortsetzung ist 9....Ke8} (9... Ke8 10. h3 Be7
11. g4 (11. Bg5 Bxg5 12. Nxg5 h6 $1 {Es is wichtig, den gegnerischen Springer
gleich zu vertreiben.} 13. Nf3 h5 14. Rad1 (14. Ne2 Ke7 15. Nf4 g6 $1 16. Rad1
Ng7 17. Rfe1 Rd8 18. Rxd8 Kxd8 19. Ng5 Ke7 20. Rd1 a5 21. a4 Bf5 $132 {Timman
- Kritz (Amsterdam, 2002)}) 14... Ke7 $11) 11... Nh4 12. Nxh4 Bxh4 13. Kg2 h5
14. f3 Be6 $11 {Die schwarze Stellung ist zwar passiv, aber nicht zu brechen.})
10. h3 (10. Rd1+ {Das Problem dieses Zuges ist, dass Weiß eigentlich den
anderen Turm nach d1 stellen sollte.} Ke8 11. h3 a5 12. Bf4 Be6 13. g4 Ne7 14.
Nd4 Nd5 15. Nce2 Bc5 16. Nxe6 fxe6 17. c4 Nb6 18. b3 a4 $132 {Kasparov -
Kramnik (London, 2000)}) (10. b3 $5 {Es macht Sinn, Zeit den Zug h3
einzusparen, wenn man nicht mit g4 spielen will.} Bd7 11. Bb2 Kc8 12. Rad1 b6
13. Rd3 (13. Ne2 c5 14. c4 Bc6 $11 {Kasparov - Kramnik (London, 2000)}) 13...
Ne7 14. Rfd1 {Weiß entwickelt nun eine unangenehme Initiative.} Bf5 15. Rd8+
Kb7 16. Rxa8 Kxa8 17. Nd4 Bg4 18. Nce2 c5 19. h3 Bc8 20. Nb5 Kb7 21. Nf4 $36 {
Bruzon Batista - Mitkov (Merida, 2008)}) 10... Bd7 11. b3 {Die Kombination der
Züge h3-b3 ist nicht logisch. Wozu braucht man den Zug h3 dann überhaupt? Weiß
muss so schnell wie möglich seine Entwicklung beenden, denn falls der schwarze
König sich auf b7 versteckt und Weiß immer noch keine Drohungen aufstellt,
wird Schwarz einfach besser stehen.} (11. Bf4 $5 Kc8 12. Rad1 $1 (12. a3 $2 {
ist einfach zu langsam.} b6 13. Rad1 Ne7 14. Rfe1 c5 $132 {Motylev -
Ponomariov (Motril, 2008). Schwarz plant Bc6-Kb7 mit guter Stellung.}) 12... b6
13. Rd3 Be6 14. Rfd1 Kb7 15. b3 $14 {und Schwarz hatte Probleme mit seiner
Entwicklung in Anand - Topalov (Monte Carlo, 2005)}) 11... Kc8 12. Bb2 b6 {
Beide Seiten führen ihre Pläne durch: Schwarz evakuiert den König, Weiß
vollendet die Entwicklung, und versucht, auf die schwarze Stellung Druck
auszuüben.} 13. Rad1 c5 $5 {Ein seltener Zug, der jedoch logisch erscheint.} (
13... Ne7 {gilt als Hauptzug. Weiß hat nun mehrere Fortsetzungsmöglichkeiten.}
14. Rd2 {sieht am logischsten aus, aber auch andere Ideen sind interessant.} (
14. Ne2 Ng6 15. Ng3 (15. Ne1 h5 16. Nd3 c5 17. c4 a5 18. a4 h4 $11 {Kasparov -
Kramnik (London, 2000)}) 15... Nf4 16. Nd4 a5 17. a4 b5 18. Kh2 bxa4 19. bxa4
Nd5 20. Rd3 Nb6 $132 {Shirov - Kramnik (Astana, 2001)}) (14. Nd4 $5 c5 15. Nde2
a5 16. Rd2 Nc6 17. Rfd1 Be6 18. Nf4 Bf5 19. g4 $1 $16 {Efimenko - Naiditsch 
(Subotica, 2008)}) 14... c5 15. Rfd1 Be6 16. Ne2 g5 $132 {Anand - Kramnik 
(Mainz, 2001)}) 14. Rfe1 $6 {Ein neuer und relativ sinnloser Zug. Der Turm
sieht nur gut aus auf e1, eigentlich hat er dort überhaupt keine Funktion,
weil Weiß keine Zeit hat, um zu e6 zu kommen.} ({Nach} 14. Nd5 a5 $1 15. a4 c4
$1 {wurde Weiß praktisch gezwungen, den Bauer zu opfern:} 16. e6 fxe6 17. Nf4
cxb3 18. cxb3 Bd6 19. Ng6 Rg8 20. Nfe5 Be8 $15 {wonach Schwarz eindeutig
besser stand in Stellwagen - Efimenko (Wattenscheid, 2008)}) 14... Ne7 {
Die überführung des Springers nach g6 ist ein typisches Manöver - von dort aus
kontrolliert er das Feld f4.} 15. Ne2 Ng6 16. h4 $2 {Solche Züge darf man in
so einer Stellung nicht machen. Weiß hat keinen weißfeldrigen Läufer und
schwächt dabei freiwillig die weißen Felder.} (16. Ng3 $5 Be6 (16... Bc6 $6 17.
Re3 Kb7 (17... Be7 $2 18. Nf5 $14) 18. e6 $14) 17. Nh5 Rg8 18. g4 Be7 $132)
16... Bg4 {Die nächsten Züge sind forciert, Weiß landet in einem schlechten
Endspiel.} 17. Nh2 (17. Rd3 $2 {hat keine selbstständige Bedeutung, Weiß kann
sowieso kein h5 spielen.} Kb7 $15) 17... Bxe2 18. Rxe2 Nxh4 {Schwarz will nun
Rg8-g5-Bg7 spielen.} 19. Re4 Be7 20. e6 (20. g3 Ng6 21. e6 f5 22. Ree1 Rg8 23.
Rd7 Kb7 $15 {Die weiße Initiative kompensiert nicht den Bauern.}) 20... fxe6
21. Rxe6 (21. Bxg7 $2 Rg8 $17) 21... Bd6 22. Bxg7 Rg8 23. Rxh6 (23. Bxh6 $4
Rxg2+ 24. Kf1 Rxh2 25. Re8+ Kb7 $19) 23... Nxg2 24. Kxg2 Rxg7+ 25. Kf1 Kb7 $15
{Schwarz hat klar bessere Aussichten. Bei richtigem Spiel muss sich Weiß
jedoch verteidigen können.} 26. Nf3 Rf8 27. Rd3 Rgf7 {Schwarz spielt sehr
korrekt. Zuerst begrenzt er maximal die Beweglichkeit der weißen Figuren.} 28.
Ke2 c4 $1 {Und dann kreiert er neue Schwächen im Lager von Weiß.} (28... a5 29.
c4 $1 {und die weiße Stellung ist in Ordnung.} (29. a4 $2 c4 $17 {Der Bauer
auf a4 steht sehr schlecht.})) 29. bxc4 $8 {Weiß muss seine Bauernstruktur
endgültig ruinieren.} (29. Re3 Bf4 $19) (29. Rc3 Bb4 30. Rxc4 Rxf3 31. Rxb4
Rxf2+ 32. Kd1 Rf1+ 33. Ke2 R8f2+ 34. Kd3 Rd1+ 35. Kc3 Rdd2 36. a4 (36. Rc4
Rxc2+ 37. Kd3 Rxc4 38. Kxc4 Rxa2 $19) 36... Rxc2+ 37. Kd3 Rfd2+ 38. Ke3 Rd1 $17
{Das entstandene Endspiel ist viel schlechter als die Alternative, die von
Leko vorgezogen wurde.}) 29... Rf4 30. Rh4 $1 {Es ist sehr wichtig für Weiß,
dass er es schafft einen Turm zu tauschen.} Rxh4 31. Nxh4 Rf4 32. Nf3 Rxc4 33.
c3 {Wieder der einzige Zug.} (33. Kd2 $2 Ra4 $19) 33... Be7 (33... Ra4 34. Rd2
Ra3 35. Kd3 $15) 34. Kd1 Bc5 35. Kc2 $1 {Richtige Entscheidung! Man sollte
sich nicht an den Bauern f2 klammern, weil er nicht die wichtigste Schwäche im
weißen Lager ist.} Bxf2 36. Kb3 b5 $2 {Mir gefällt der Zug nicht, weil er das
Spiel forciert - Weiß kann einen weiteren Bauern tauschen und das Feld c4 für
seinen Springer gewinnen.} (36... Re4 $1 37. Rd5 a6 $17 {Mit dem langsamen
Spiel hat Schwarz mehr Chancen.}) 37. Nd2 Rh4 38. c4 $1 Kb6 ({Sehr remislich
sieht es aus nach} 38... c6 39. cxb5 cxb5 40. Rf3 $15) ({Bessere Chancen hatte
Schwarz jedoch nach} 38... a6 39. a4 bxc4+ 40. Nxc4 Bd4 $17 {Der Bauer auf a4
steht schlechter als auf a2.}) 39. cxb5 Kxb5 40. Nb1 c5 41. Na3+ Kc6 42. Nc4 {
Weiß hat eine sehr solide Festung aufgebaut. Der schwarze Läufer hat überhaupt
keine Angriffsziele, ich denke, diese Stellung ist objektiv gesehen Remis.} Bd4
43. Rg3 Rh5 44. Ne3 Kd6 (44... Bxe3 45. Rxe3 $11 {Das Turmendspiel ist sogar
ohne den weißen a-Bauern theoretisch Remis.}) 45. Kc4 Ke5 46. Nc2 Bf2 47. Ra3
Rh4+ 48. Kb5 Rh7 49. Kc4 Rg7 50. Ra6 Bg1 51. Ra5 Rh7 52. Ra6 Rf7 53. Ra5 Ke4
54. Ra6 Rf2 55. Kc3 Rf7 56. Kc4 Ke5 57. Ra5 Rg7 58. Ra6 Rh7 59. Ra5 Ke4 60. Ra4
Kf3 61. Kc3 Re7 62. Ra6 Ke2 63. Rd6 Bf2 64. Rd2+ Kf3 65. Rd3+ Ke4 66. Kc4 Kf4 {
Schwarz kann keinen wirklichen Fortschritt erzielen.} 67. Ra3 Bg1 68. Ra6 Kf3
69. Rd6 Bf2 70. Kc3 Bh4 71. Rd5 Bf2 72. Kd3 Kf4 73. Rd6 Ke5 74. Rd8 Rg7 75.
Re8+ Kd6 76. Rd8+ Kc6 77. Rc8+ Kb7 78. Rf8 Rg3+ 79. Kc4 Rg4+ 80. Kc3 Bh4 81.
Rf3 Kc6 82. Ne3 Be1+ 83. Kc2 Rd4 84. Rf1 Bb4 85. Rd1 Re4 86. Kd3 Rh4 87. Rg1
Kb5 88. Rg4 Rh3 89. Re4 a5 90. Kc2 Rh2+ 91. Kb1 a4 92. Nd5 Ba5 93. a3 Rd2 {
Schwarz hat einiges erreicht, aber sein Problem ist nun, dass der Bauer a4
immer hängen bleibt, solange die Türme auf dem Brett sind.} 94. Ne3 Bc7 95. Nc4
Rd4 96. Rxd4 cxd4 97. Nb2 $11 {Remis. Schwarz kommt nicht mehr voran.} Bd6 98.
Ka2 Bf8 99. Nd3 Kc4 100. Nb2+ Kb5 101. Nd3 Bd6 102. Nb2 Be7 103. Nd3 Bf8 104.
Nb2 Bh6 105. Nd3 Bg5 106. Nb2 Bf4 107. Kb1 Bc7 108. Ka2 Bd8 109. Kb1 Be7 110.
Ka2 Ka5 111. Nc4+ Ka6 112. Nb2 Kb5 113. Nd3 Kc4 114. Nb2+ Kc3 115. Nxa4+ Kc2
116. Nb2 Bd8 117. a4 Bc7 118. Nc4 d3 119. a5 Bxa5 120. Nxa5 d2 121. Nc4 d1=N
1/2-1/2